01420nam a22002297a 4500952010500000999001900105008004100124020001800165050001700183100002800200245009100228260003400319300001800353500003400371505061300405519004401018650001701062650003301079650003401112700003701146942000701183 00104070a18b18d2018-07-11l4oBF724 D6518p18 004600r2024-08-06s2020-02-27t1w2018-07-11yLB c103125d103125180711s2004 sp ||||| |||| 00| 0 spa d a9788449315398 aBF724bD6518 aDolto, Francoiseeautor10aLa causa de los adolescentesc / Francoise Dolto; traducción de Rosa María Bassols3 aEspañab : Paidósc, 2004 a294 páginas a(2a. impresión, marzo 2015) aEl concepto de la adolescencia: punto de referencia, puntos de ruptura El sueño de la eterna juventud, mitos y arquetipos La imagen del cuerpo La leyenda de los jóvenes Los héroes y los modelos El discurso sobre el efebo Crecimiento y comportamiento Ritos de paso y proyectos adolescentes Perturbadores de la psiquiatría y psicoanálisis sin palabras Los suicidios de adolescentes: una epidemia ocultada A cada uno su droga: falsos paraísos y pseudogrupos Jaque al fracaso escolar La familia deshecha El nuevo comportamiento amoroso Los derechos y los deberes Cuando los jóvenes tiene la palabra aMaterial Complementario / d(18 004600)14aADOLESCENCIA14aPSICOLOGÍA DEL ADOLESCENTE14aPSIQUIATRÍA DEL ADOLESCENTE aBassols, Rosa Maríaetraductor cLB